NLSUI OPAC header image

China : (Record no. 14390)

MARC details
000 -LEADER
fixed length control field 01492cam a2200217 a 4500
001 - CONTROL NUMBER
control field 1163870
005 - DATE AND TIME OF LATEST TRANSACTION
control field 20260430053058.0
008 - FIXED-LENGTH DATA ELEMENTS--GENERAL INFORMATION
fixed length control field 960920s1997 enk b 001 0 eng
020 ## - INTERNATIONAL STANDARD BOOK NUMBER
International Standard Book Number 0198290675 (hbk.)
082 00 - DEWEY DECIMAL CLASSIFICATION NUMBER
Classification number 330.951 CHA
100 1# - MAIN ENTRY--PERSONAL NAME
Personal name Chai, C. H. Joseph
245 10 - TITLE STATEMENT
Title China :
Remainder of title transition to a market economy /
Statement of responsibility, etc. Joseph C.H. Chai.
260 ## - PUBLICATION, DISTRIBUTION, ETC.
Place of publication, distribution, etc. Oxford, UK :
Name of publisher, distributor, etc. Oxford University Press,
Date of publication, distribution, etc. 1997.
300 ## - PHYSICAL DESCRIPTION
Extent xiii, 230 p. ;
Dimensions 23 cm.
490 1# - SERIES STATEMENT
Series statement Studies on contemporary China
505 ## - FORMATTED CONTENTS NOTE
Formatted contents note List of Tables<br/><br/>List of Figures<br/><br/>Abbreviations<br/><br/>1. Introduction<br/><br/>2. Institutional Changes in the Agricultural Sector<br/><br/>xi<br/><br/>1<br/><br/>11<br/><br/>3. Changes in the Industrial System I. Administrative Reforms and Industrial Reorganization<br/><br/>32<br/><br/>4. Changes in the Industrial System II: Increased Enterprise Autonomy<br/><br/>51<br/><br/>5. Changes in the Industrial System III: Incentive Reforms<br/><br/>65<br/><br/>6. Reforms of the Price System<br/><br/>94<br/><br/>7. Reforms of the Financial System<br/><br/>118<br/><br/>8. The Open Door Policy I: Trade Liberalization<br/><br/>139<br/><br/>9. The Open Door Policy II: Foreign Direct Investment<br/><br/>156<br/><br/>10. The Role of the Non-state Sector<br/><br/>168<br/><br/>11. China's Transition: Overview and General Assessment<br/><br/>185<br/><br/>Appendices<br/><br/>205<br/><br/>Abbreviations of Sources<br/><br/>208<br/><br/>211<br/><br/>223<br/><br/>Bibliography<br/><br/>Index
650 ## - SUBJECT ADDED ENTRY--TOPICAL TERM
Topical term or geographic name entry element Economic policy
650 ## - SUBJECT ADDED ENTRY--TOPICAL TERM
Topical term or geographic name entry element Economic conditions
856 42 - ELECTRONIC LOCATION AND ACCESS
Materials specified Publisher description
Uniform Resource Identifier <a href="http://www.loc.gov/catdir/enhancements/fy0640/96036785-d.html">http://www.loc.gov/catdir/enhancements/fy0640/96036785-d.html</a>
942 ## - ADDED ENTRY ELEMENTS (KOHA)
Source of classification or shelving scheme Dewey Decimal Classification
Koha item type BOOKs
Holdings
Withdrawn status Lost status Damaged status Not for loan Home library Current library Shelving location Date acquired Cost, normal purchase price Total Checkouts Total Renewals Full call number Barcode Date last seen Date last checked out Price effective from Koha item type
        . .   30.05.2017 936.57 1 2 330.951 CHA 14595 04.08.2023 17.07.2023 30.05.2017 BOOKs